000 00837cad a22002055a 4500
001 L156462
008 120524s2012 xxk f 000 0 eng d
035 _a(Sirsi) u156462
041 0 _aeng
110 2 _aCBRE
245 0 0 _aUCAS application figures released
_h[electronic resource]
260 _aLondon
_bCBRE
_c2012
490 0 _aCBRE Quarterly Market Review Student Housing
_vQ1 2012
520 _aNumbers of UCAS applicants for the 2012/2013 academic year have fallen slightly but it is anticipated that demand for student housing will continue to exceed the number of available places.
590 _aKA NTK
651 4 _aUnited Kingdom
_y
690 _aResidential property
_96266
856 4 0 _uhttps://www.cbre.co.uk/uk_en/research
_zView the report (type Student housing in the keyword box and click on search)
942 _n0
999 _c114263
_d114263